00645nam a2200205Ia 4500008004100000041001200041082001200053100001500065245005400080365000900134520001400143546001200157630005400169650001400223655001400237730005400251942000900305999001900314952010600333101110s9999 xx 000 0 und d aENGLISH bSR12865 aFinar I.L. aProblems and their solutions in Organic Chemistry b17.4 aChemistry aENGLISH aProblems and their solutions in Organic Chemistry aChemistry aChemistry aProblems and their solutions in Organic Chemistry cBOOK c807206d807203 00104070aDBJbDBJc21Bd2010-11-11g17.40j1l0pDBJSR12865r2010-11-11 00:00:00w2010-11-11yBOOK